000 00267nam a2200121 i 4500
001 bg
245 0 _aSlowar russkogo jazyka.
_nT. 4,
_pS-Ja.
260 _aMoskva,
_c1983.
040 _cBPK
041 _apol
942 _cKS
008 s pl f |000 0 pol
999 _c28197
_d28197
856 _uhttp://koha.tu.koszalin.pl/cgi-bin/koha/opac-detail.pl?biblionumber=28197
_yKatalog online BPK